00473nam a2200097Ia 4500008004100000100007000041245014200111260007600253650002700329999001900356160725s9999 xx 000 0 und d aDiñoso, Rommel B., Mendoza, Armando C., Jr. & Mendoza, Rodel C. aAutomation of the science laboratories of Southville International School and Colleges through the implementation of an inventory system. bKaizen Research Journal College of Information TechnologycJanuary 2014 aINFORMATION TECHNOLOGY c298009d298009